[Event "Chessable Masters by chess24-KO"]
[Site "Online"]
[Date "2020.06.28"]
[Round "1.3"]
[White "Nakamura, Hikaru"]
[Black "Ding, Liren"]
[Result "0-1"]
[WhiteElo "2829"]
[BlackElo "2836"]
[Annotator "TA"]
[PlyCount "126"]
[EventDate "2020.06.20"]
[EventType "k.o."]
[SourceTitle "playchess.com"]
[Source "ChessBase"]
[SourceQuality "1"]

{[%evp 9,126,18,18,18,17,7,23,12,7,0,0,-5,16,12,19,4,12,0,0,0,0,0,0,-21,-11,-33,-32,-55,-37,-47,-42,-41,-36,-43,-38,-41,-17,-22,23,8,27,0,0,-110,-96,-143,-143,-206,-200,-250,-241,-234,-217,-233,-225,-211,-196,-216,-208,-309,-309,-309,-306,-306,-306,-301,-301,-301,-294,-300,-283,-333,-333,-333,-333,-333,-333,-333,-333,-410,-299,-384,-323,-541,-541,-541,-412,-541,-541,-541,-541,-535,-535,-531,-404,-498,-404,-793,-757,-773,-760,-762,-741,-685,-394,-1354,-1358,-5761,-4760,-29977,-29978,-29982,-29983,-29983,-29984,-29984,-29984,-29987,-729]} 1. e4 e5 2. Nf3 Nc6 3. Bb5 Nf6 4. d3 Bc5 5. Bxc6 dxc6 6. O-O {C65: Ruy Lopez: Berlin Defence (3...Nf6), unusual lines and 4 0-0 Bc5.} Nd7 7. Nbd2 {7.c3 injects fresh life into this line. Played by Hikaru Nakamura in April 2020.} O-O 8. Nc4 {White has an edge.} Re8 9. a4 a5 10. Be3 Bb4 11. Nfd2 {[#]} f6 $5 $146 {[%mdl 8] New and interesting.} ({Predecessor:} 11... b5 12. Na3 Ba6 13. f4 exf4 14. Rxf4 Bd6 15. Rf2 Qh4 16. h3 Nb6 17. axb5 cxb5 {½-½ (29) Nakamura,H (2736)-Ding,L (2791) chess24.com INT 2020}) 12. c3 Bf8 13. Qc2 (13. Qb3 {feels hotter.} Kh8 14. Qc2 Nc5 15. Bxc5 Bxc5 16. Nb3) 13... b6 14. d4 exd4 15. cxd4 Nb8 16. Rac1 Na6 17. Rfd1 Nb4 18. Qb1 $1 Be6 19. b3 Qd7 20. f3 Qf7 21. Bf2 Red8 22. Rc3 $1 b5 $36 {[%mdl 2048] Black is more active.} 23. Nb2 Rab8 24. axb5 Rxb5 25. Nbc4 a4 {...axb3 is the strong threat.} 26. Rdc1 {[#]} (26. Rcc1 $11) 26... Ra8 $1 $17 {Black keeps a firm grip on the game.} 27. bxa4 Rxa4 28. Ra3 {[#]} (28. Na3 $17 {might work better.} Ba2 29. Qa1) 28... Na2 $1 $19 {[%mdl 512]} 29. Rxa4 (29. Rxa2 Rxb1) 29... Rxb1 30. Rxb1 {Strongly threatening Rb8.} Nc3 $1 {[%csl LRa4,LRb1][%mdl 64] Double Attack} 31. Rba1 {intending Ra8.} Nxa4 32. Rxa4 Qe8 {aiming for ...c5.} 33. Ra6 Qc8 34. Rxc6 (34. Ra1 {keeps fighting.}) 34... Bd7 35. Nb6 Qb7 {[%mdl 64] Double Attack} 36. Nxd7 {Threatens to win with d5.} Qxc6 37. Nxf8 Qc1+ 38. Nf1 Kxf8 39. g4 g6 40. Kg2 {[#]} f5 $1 41. gxf5 (41. exf5 gxf5) 41... gxf5 42. Ng3 fxe4 43. Nxe4 Kf7 44. h4 h6 45. Ng3 Ke6 46. Ne4 $2 (46. Nh5 {is a better defense.}) 46... Kd5 47. Ng3 Kc4 48. h5 Qg5 49. Bg1 Kd5 50. Bf2 Ke6 51. Bg1 Qd2+ 52. Bf2 Qd3 53. Nf1 (53. Bg1 $142) 53... Kf5 54. Ne3+ Kg5 55. Ng4 Kxh5 56. Be3 Qc3 57. Kf2 $2 (57. d5) 57... Kh4 58. Bxh6 Qxd4+ 59. Ke2 Kg3 {Black mates.} 60. Bd2 Qc4+ 61. Ke3 Qb3+ 62. Kd4 c5+ 63. Ke4 Qxf3+ {[%mdl 64] Double Attack. Accuracy: White = 59%, Black = 89%.} 0-1

[Event "Chessable Masters by chess24-KO"]
[Site "Online"]
[Date "2020.06.24"]
[Round "1.4"]
[White "Grischuk, Alexander"]
[Black "Giri, Anish"]
[Result "1/2-1/2"]
[WhiteElo "2784"]
[BlackElo "2731"]
[Annotator "TA"]
[PlyCount "60"]
[EventDate "2020.06.20"]
[EventType "k.o."]
[SourceTitle "playchess.com"]
[Source "ChessBase"]
[SourceQuality "1"]

{[%evp 15,60,12,27,0,0,0,0,0,0,0,0,0,6,0,0,0,0,-21,-25,-19,-11,-27,-19,-47,-43,-47,-10,-11,-10,-28,0,-9,0,0,0,-23,0,0,0,0,0,0,0,0,0,0,0]} 1. e4 e5 2. Nc3 Nf6 3. Bc4 Nc6 4. d3 Bb4 5. Nf3 d5 6. exd5 Nxd5 7. O-O Bxc3 8. bxc3 O-O 9. Qe1 {C42: Petroff Defence: 3 Nxe5 and unusual White 3rd moves.} Re8 $1 10. Ng5 {[#] Hoping for Qe4.} Bf5 11. f3 {[#]} Na5 $146 ({Predecessor:} 11... Qd7 12. Ne4 b6 13. Bd2 Na5 14. Bxd5 Qxd5 15. c4 Qd4+ 16. Be3 Qd7 17. Nc3 Rad8 {1-0 (48) Akatsuka,C-Sorli,M Guarapuava 1995}) 12. Bb3 Nxb3 13. axb3 Bg6 14. Kh1 a5 15. Bd2 b6 16. Qg3 f6 17. Nh3 Qd7 18. Nf2 a4 19. c4 Ne7 {And now ...axb3 would win.} 20. bxa4 Rxa4 (20... Nf5 $5 {[%cal Rf5g3]} 21. Qg4 Rxa4 $15) 21. Ne4 Rea8 22. Rac1 Rd8 23. h3 Nf5 24. Qf2 Nd4 25. Be3 (25. Nc3 $5 {[%cal Rc3a4]}) 25... Ne6 26. Nc3 {The position is equal.} Ra3 27. Nb5 Ra2 28. Nc3 Ra3 29. Nb5 Ra2 30. Nc3 Ra3 {Accuracy: White = 90%, Black = 90%.} 1/2-1/2